| 000 | 00982nas a2200313 4500 | ||
|---|---|---|---|
| 001 | BR0303640 | ||
| 003 | BR-BrBNA | ||
| 005 | 20231205103928.0 | ||
| 007 | ta | ||
| 008 | 230509b bl.|||p| |||| 00| 00por d | ||
| 040 |
_aBR-BrBNA _bpor _cBiblioteca Nacional de Agricultura |
||
| 041 | _a(Pt) | ||
| 072 | _aL73 | ||
| 100 | 1 | _aPedroso-de-Paiva, D. | |
| 100 | 1 | _aMorés, N. | |
| 100 | 1 | _aBarioni Júnior, W. | |
| 100 | 1 | _aCosta, O.A.D. | |
| 100 | 1 | _aSobestianski, J. | |
| 100 | 1 | _aAmaral, A.L. do | |
| 245 | 1 | _aFatores de risco associados à ocorrência de sarna sarcóptica e prevalência em suínos nas fases de crescimento e terminação, na região sul do Brasil | |
| 650 | _aSUÍNO | ||
| 650 | _aSARNA SARCOPTICA | ||
| 650 | _aEPIDEMIOLOGIA | ||
| 650 | _aCRESCIMENTO | ||
| 650 | _aSUL | ||
| 773 | 0 |
_tCiência Rural (Brazil) _xISSN 0103-8478 _g(Jul-Aug 2003), v. 33(4) p. 731-736 _wBR0303640 |
|
| 909 |
_a202311 _bLúcia _c55 _dLúcia Elande |
||
| 942 |
_2AGRIS _n0 _cANA |
||
| 999 |
_c175488 _d175488 |
||